000 01765nam a2200517 i 4500
001 39906
003 KOSZ 005
005 20240405063130.0
008 050917s2000 pl f |000 0 pol
015 _aPB 2005/18915
020 _a8387161942
035 _a991027751769705066
035 _a(PL-WaBN)b17520332-48omnis_nlop
035 _ab17520332
035 _a(OCoLC)838701462
035 _a(PL)b0000001752033
035 _a(EXLNZ-48OMNIS_NETWORK)9910039068405606
040 _aWA N
_cWA N
_dKOSZ 005/HR
046 _k2000
080 _a347.2(438)
080 _a(094.5.07)
245 0 0 _aKomentarz do ustawy o gospodarce nieruchomościami.
_nT. 1,
_p(Działy I i II) /
_cGerard Bieniek [et al.] ; pod red. Gerarda Bieńka.
250 _aWyd. 2 zaktualizowane i rozsz., stan prawny na dzień 7 czerwca 2000 r.
260 _aZielona Góra :
_bZachodnie Centrum Organizacji,
_c2000.
300 _a404 s. ;
_c24 cm.
336 _2rdacontent
_aTekst
_btxt
337 _2rdamedia
_aBez urządzenia pośredniczącego
_bn
338 _2rdacarrier
_aWolumin
_bnc
380 _aKsiążki
380 _aPublikacje fachowe
388 _a1901-2000
388 _a1989-2000
648 _a1901-2000
648 _a1989-2000
650 7 _aGospodarowanie nieruchomościami
_2DBN
650 7 _aNieruchomości
650 7 _aPrawo
651 7 _aPolska
655 7 _aKomentarz do ustawy
658 7 _aGospodarka, ekonomia, finanse
658 _aPrawo i wymiar sprawiedliwości
700 1 _aBieniek, Gerard
_d(1941-2011)
_eRedakcja
_eAutor
856 _uhttp://koha.tu.koszalin.pl/cgi-bin/koha/opac-detail.pl?biblionumber=39906
_yKatalog online BPK
942 _2UKD
_cKS
999 _c39906
_d39906